Bypassing capitalism

Gespeichert in:
Bibliographische Detailangaben
1. Verfasser: Tyagunenko, V.
Format: Buch
Sprache:Undetermined
Veröffentlicht: New York Novosti Press Agency Publishing House 1976
Schlagworte:
Tags: Tag hinzufügen
Keine Tags, Fügen Sie den ersten Tag hinzu!
Thư viện lưu trữ: Trung tâm Học liệu Trường Đại học Cần Thơ
LEADER 00502nam a2200181Ia 4500
001 CTU_81839
008 210402s9999 xx 000 0 und d
082 |a 335.4 
082 |b T977 
100 |a Tyagunenko, V. 
245 0 |a Bypassing capitalism 
245 0 |c V. Tyagunenko 
260 |a New York 
260 |b Novosti Press Agency Publishing House 
260 |c 1976 
650 |a Communism,Economic development 
904 |i Trọng Hải 
980 |a Trung tâm Học liệu Trường Đại học Cần Thơ